000
00329nam a2200145Ia 4500
003
OSt
008
191201s2013 xx 000 0 und d
082
_a
621.43
_b
GAI
100
_a
GANESAN, V
245
0
_a
Internal Combustion Engines
260
_a
New Delhi
_b
TMH
_c
2013
300
_a
730
650
_a
B.Tech(ME)
942
_2
ddc
_c
BK
999
_c
6417
_d
6417